They were better parents after group discussion /

Bibliographic Details
Main Author: Cheavens, Sam Frank, 1905-
Format: Book
Language:English
Published: [Arlington, Tex.] : [Sable Pub. Corp.], 1974.
Subjects:

MARC

Tag First Indicator Second Indicator Subfields
LEADER 00000cam a2200000 4500
001 in00000012057
005 20151007051743.0
008 740627s1974 txu b 00010 eng
010 |a  74170983  
035 |a (OCoLC)00980857 
035 |9 AAA4604AM 
040 |a DLC  |c DLC  |d TXA  |d UtOrBLW 
043 |a n-us--- 
049 |a TXAM  |c [A10924520] 
050 0 0 |a HQ769  |b .C428 
082 0 |a 301.42/7 
100 1 |a Cheavens, Sam Frank,  |d 1905- 
245 1 0 |a They were better parents after group discussion /  |c by Frank Cheavens. 
264 1 |a [Arlington, Tex.] :  |b [Sable Pub. Corp.],  |c 1974. 
300 |a vi, 103 pages ;  |c 22 cm. 
336 |a text  |b txt  |2 rdacontent 
337 |a unmediated  |b n  |2 rdamedia 
338 |a volume  |b nc  |2 rdacarrier 
500 |a "A Sable publication." 
504 |a Bibliography: pages 89-103. 
650 0 |a Parent and child. 
650 0 |a Child rearing. 
650 0 |a Discussion. 
999 |a MARS 
999 f f |s 65de0325-0f07-36ff-bda0-40f540fd29f0  |i d4955a10-3e40-387b-8dc4-0c5484d8dd57  |t 0 
952 f f |p ric  |a Texas A&M University  |b Rellis Campus  |c Joint Library Facility  |s JLF  |d Remote Storage  |t 0  |e HQ769 .C428  |h Library of Congress classification  |i unmediated -- volume  |m A14810924520 
998 f f |a HQ769 .C428  |t 0  |l Remote Storage